• 首页
  • 本馆介绍
  • 公告通知
  • 最新文献
  • 馆藏检索
  • 电子资源
  • 读者荐购
  • 参考咨询
  • CALIS
  • 我的图书馆
  • 登录
  • 详细信息显示
  • 放入我的书架
  • 预约/预借图书
  • 作者相关作品
  • 分类相关作品
  • 丛书相关作品
  • 出版社相关作品

书目信息

  • 表格格式
  • 工作单格式
  • 卡片格式
题名:
老张的哲学 文博士
    
 
作者: 老舍 著
分册:  
出版信息: 海口   南海出版公司  1999.02
页数: 305页
开本: 32开
丛书名:
单 册:
中图分类: I246.5
科图分类:
主题词: 小说--中国
电子资源:
ISBN: 7-5442-1216-5
 
 
 
 
 
000 00544nam0 2200193 45
001 0012191574
005 20001219153901.6
010    @a7-5442-1216-5@d18.00元
100    @a20001219d1999 km y0chiy0120 ea
101 0  @achi
105    @a z 000yy
200 1  @a老张的哲学 文博士@ALao Zhang De Zhe Xue Wen Bo Shi@f老舍著@FLao She Zhu
210    @a海口@c南海出版公司@d1999.02
215    @a305页@d32开
606 0  @a小说@x中国
690    @aI246.5@v3
701  0 @a老舍@4著
801    @aCN@bPftUser@c20001219
905    @b309252-256@dI246.5@eL.071/1@f5
    
    老张的哲学 文博士/老舍著.-海口:南海出版公司,1999.02
    305页;32开
    
    
    ISBN 7-5442-1216-5:18.00元
    
●
相关链接 在E读中查询图书 在当当中查询图书 在豆瓣中查询图书


正题名:老张的哲学文博士     索取号:I246.5/L.071/1         预约/预借

序号 登录号 条形码 馆藏地/架位号 状态 备注
1 309252   203092526   社科二线400B/400B社科库 1排3列6层/ [索取号:I246.5/L.071/1] 在馆    
2 309253   203092535   文学库108/ [索取号:I246.5/L.071/1] 在馆    
3 309254   203092544   文学库108/ [索取号:I246.5/L.071/1] 在馆    
4 309255   203092553   文学库108/108文学库 24排4列3层/ [索取号:I246.5/L.071/1] 在馆    
5 309256   203092562   社科二线400B/400B社科库 14排3列4层/ [索取号:I246.5/L.071/1] 在馆    
河南城建学院图书馆 欢迎您!
大连网信软件有限公司© 版权所有